|
|
|
|
| LEADER |
00000naa2a2200000 4500 |
| 001 |
633925 |
| 005 |
20240112112958.0 |
| 035 |
|
|
|a (RuTPU)RU\TPU\conf\35675
|
| 035 |
|
|
|a RU\TPU\conf\35670
|
| 090 |
|
|
|a 633925
|
| 100 |
|
|
|a 20211206a2021 k y0rusy50 ca
|
| 101 |
0 |
|
|a rus
|
| 102 |
|
|
|a RU
|
| 105 |
|
|
|a y z 100zy
|
| 135 |
|
|
|a drgn ---uucaa
|
| 181 |
|
0 |
|a i
|
| 182 |
|
0 |
|a b
|
| 200 |
1 |
|
|a Дезинтегратор в технологии получения фторангидрита
|f А. С. Рыбин, Ю. М. Федорчук, Д. В. Нарыжный [и др.]
|
| 203 |
|
|
|a Текст
|c электронный
|
| 225 |
1 |
|
|a Современные производственные технологии
|
| 300 |
|
|
|a Заглавие с экрана
|
| 320 |
|
|
|a [Библиогр.: с. 108 (3 назв.)]
|
| 463 |
|
0 |
|0 (RuTPU)RU\TPU\conf\35640
|t Современные проблемы машиностроения
|o сборник трудов XIV Международной научно-технической конференции, г. Томск, 25-30 октября 2021 г.
|f Национальный исследовательский Томский политехнический университет (ТПУ) ; под ред. Е. Н. Пашкова
|v [С. 107-108]
|d 2021
|
| 610 |
1 |
|
|a электронный ресурс
|
| 610 |
1 |
|
|a труды учёных ТПУ
|
| 610 |
1 |
|
|a дезинтеграторы
|
| 610 |
1 |
|
|a технологии
|
| 610 |
1 |
|
|a фторангидрит
|
| 610 |
1 |
|
|a отходы производств
|
| 610 |
1 |
|
|a измельчение
|
| 610 |
1 |
|
|a гранулы
|
| 610 |
1 |
|
|a производительность
|
| 701 |
|
1 |
|a Рыбин
|b А. С.
|
| 701 |
|
1 |
|a Федорчук
|b Ю. М.
|c специалист в области экологии и безопасности жизнедеятельности
|c профессор Томского политехнического университета, доктор технических наук
|f 1948-
|g Юрий Митрофанович
|3 (RuTPU)RU\TPU\pers\26187
|9 11995
|
| 701 |
|
1 |
|a Нарыжный
|b Д. В.
|
| 701 |
|
1 |
|a Носова
|b М. В.
|
| 701 |
|
1 |
|a Минаев
|b К. М.
|c специалист в области нефтегазового дела
|c доцент Томского политехнического университета, кандидат химических наук
|f 1982-
|g Константин Мадестович
|3 (RuTPU)RU\TPU\pers\29316
|9 13903
|
| 701 |
|
1 |
|a Пашков
|b Е. Н.
|c специалист в области машиностроения
|c доцент Томского политехнического университета, кандидат технических наук
|f 1975-
|g Евгений Николаевич
|3 (RuTPU)RU\TPU\pers\27734
|9 12808
|
| 712 |
0 |
2 |
|a Национальный исследовательский Томский политехнический университет
|b Школа базовой инженерной подготовки
|b Отделение общетехнических дисциплин
|3 (RuTPU)RU\TPU\col\23550
|
| 712 |
0 |
2 |
|a Национальный исследовательский Томский политехнический университет
|b Инженерная школа природных ресурсов
|b Отделение нефтегазового дела
|3 (RuTPU)RU\TPU\col\23546
|
| 801 |
|
2 |
|a RU
|b 63413507
|c 20211210
|g RCR
|
| 856 |
4 |
|
|u http://earchive.tpu.ru/handle/11683/69144
|
| 942 |
|
|
|c BK
|